| 000 -LEADER |
| fixed length control field |
02255cas a2200577 a 4500 |
| 001 - CONTROL NUMBER |
| control field |
11384633 |
| 003 - CONTROL NUMBER IDENTIFIER |
| control field |
NUST |
| 005 - DATE AND TIME OF LATEST TRANSACTION |
| control field |
20190313103227.0 |
| 008 - FIXED-LENGTH DATA ELEMENTS--GENERAL INFORMATION |
| fixed length control field |
901019c19919999ctuqr p 0 a0eng c |
| 010 ## - LIBRARY OF CONGRESS CONTROL NUMBER |
| LC control number |
91640885 |
| Canceled/invalid LC control number |
sn 90001747 |
| 015 ## - NATIONAL BIBLIOGRAPHY NUMBER |
| National bibliography number |
016564103 |
| Source |
dnb |
| 016 7# - NATIONAL BIBLIOGRAPHIC AGENCY CONTROL NUMBER |
| Record control number |
016564103 |
| Source |
DE-101 |
| 016 7# - NATIONAL BIBLIOGRAPHIC AGENCY CONTROL NUMBER |
| Record control number |
1127174-7 |
| Source |
DE-600 |
| 016 7# - NATIONAL BIBLIOGRAPHIC AGENCY CONTROL NUMBER |
| Record control number |
009207684 |
| Source |
Uk |
| 022 0# - INTERNATIONAL STANDARD SERIAL NUMBER |
| International Standard Serial Number |
1053-4822 |
| ISSN-L |
1053-4822 |
| Source |
j |
| 030 ## - CODEN DESIGNATION |
| CODEN |
HRMRE7 |
| 035 ## - SYSTEM CONTROL NUMBER |
| System control number |
(OCoLC)ocm22538309 |
| 037 ## - SOURCE OF ACQUISITION |
| Source of stock number/acquisition |
JAI Press, Inc., 55 Old Post Rd., No. 2, P.O. Box 1678, Greenwich, CT 06836-1678 |
| 038 ## - RECORD CONTENT LICENSOR |
| Staff Name |
Mr.Zahoor |
| 040 ## - CATALOGING SOURCE |
| Original cataloging agency |
NSD |
| Language of cataloging |
eng |
| Transcribing agency |
NSD |
| Modifying agency |
CAS |
| -- |
NSD |
| -- |
DLC |
| -- |
NST |
| -- |
DLC |
| -- |
IUL |
| -- |
NST |
| -- |
HUL |
| -- |
IUL |
| -- |
GUA |
| -- |
CUS |
| -- |
NSD |
| -- |
IUL |
| -- |
NLGGC |
| -- |
NSD |
| -- |
OCLCQ |
| -- |
GBVCP |
| -- |
UKMGB |
| -- |
OCLCO |
| -- |
OCLCQ |
| -- |
OCLCF |
| -- |
OCLCO |
| -- |
GILDS |
| -- |
OCLCO |
| -- |
DLC |
| 042 ## - AUTHENTICATION CODE |
| Authentication code |
nsdp |
| -- |
pcc |
| 043 ## - GEOGRAPHIC AREA CODE |
| Geographic area code |
n-us--- |
| 050 00 - LIBRARY OF CONGRESS CALL NUMBER |
| Classification number |
HF5549.2.U5 |
| Item number |
H83 |
| 082 00 - DEWEY DECIMAL CLASSIFICATION NUMBER |
| Classification number |
658.3/005 |
| Edition number |
20 |
| 210 0# - ABBREVIATED TITLE |
| Abbreviated title |
Hum. resour. manage. rev. |
| 222 #0 - KEY TITLE |
| Key title |
Human resource management review |
| 245 00 - TITLE STATEMENT |
| Title |
Human resource management review. |
| 260 ## - PUBLICATION, DISTRIBUTION, ETC. |
| Place of publication, distribution, etc. |
Greenwich, Conn. : |
| Name of publisher, distributor, etc. |
JAI Press, |
| Date of publication, distribution, etc. |
©1991- |
| 300 ## - PHYSICAL DESCRIPTION |
| Extent |
volumes : |
| Other physical details |
illustrations ; |
| Dimensions |
26 cm |
| 310 ## - CURRENT PUBLICATION FREQUENCY |
| Current publication frequency |
Quarterly |
| 336 ## - CONTENT TYPE |
| Content type term |
text |
| Content type code |
txt |
| Source |
rdacontent |
| 337 ## - MEDIA TYPE |
| Media type term |
unmediated |
| Media type code |
n |
| Source |
rdamedia |
| 338 ## - CARRIER TYPE |
| Carrier type term |
volume |
| Carrier type code |
nc |
| Source |
rdacarrier |
| 362 0# - DATES OF PUBLICATION AND/OR SEQUENTIAL DESIGNATION |
| Dates of publication and/or sequential designation |
Vol. 1, no. 1 (spring 1991)- |
| 530 ## - ADDITIONAL PHYSICAL FORM AVAILABLE NOTE |
| Additional physical form available note |
Also issued via World Wide Web by subscription through ScienceDirect (Online service). |
| 588 ## - SOURCE OF DESCRIPTION NOTE |
| Source of description note |
Latest issue consulted: Vol. 4, no. 1 (winter 1993). |
| 590 ## - LOCAL NOTE (RLIN) |
| Local note |
SERBIB/SERLOC merged record |
| 650 #0 - SUBJECT ADDED ENTRY--TOPICAL TERM |
| Topical term or geographic name entry element |
Personnel management |
| Geographic subdivision |
United States |
| Form subdivision |
Periodicals. |
| 9 (RLIN) |
13840 |
| 650 17 - SUBJECT ADDED ENTRY--TOPICAL TERM |
| Topical term or geographic name entry element |
Personeelsmanagement. |
| Source of heading or term |
gtt |
| 9 (RLIN) |
13834 |
| 650 17 - SUBJECT ADDED ENTRY--TOPICAL TERM |
| Topical term or geographic name entry element |
Arbeids- en organisatiepsychologie. |
| Source of heading or term |
gtt |
| 9 (RLIN) |
13841 |
| 650 #7 - SUBJECT ADDED ENTRY--TOPICAL TERM |
| Topical term or geographic name entry element |
Personalwirtschaft. |
| Source of heading or term |
stw |
| 9 (RLIN) |
13832 |
| 650 #7 - SUBJECT ADDED ENTRY--TOPICAL TERM |
| Topical term or geographic name entry element |
Personnel management. |
| Source of heading or term |
fast |
| Authority record control number or standard number |
(OCoLC)fst01058797 |
| 9 (RLIN) |
1204 |
| 651 #7 - SUBJECT ADDED ENTRY--GEOGRAPHIC NAME |
| Geographic name |
United States. |
| Source of heading or term |
fast |
| Authority record control number or standard number |
(OCoLC)fst01204155 |
| 9 (RLIN) |
7952 |
| 655 #7 - INDEX TERM--GENRE/FORM |
| Genre/form data or focus term |
Periodicals. |
| Source of term |
fast |
| Authority record control number |
(OCoLC)fst01411641 |
| 9 (RLIN) |
2739 |
| 655 #7 - INDEX TERM--GENRE/FORM |
| Genre/form data or focus term |
Periodicals. |
| Source of term |
lcgft |
| 9 (RLIN) |
2739 |
| 776 1# - ADDITIONAL PHYSICAL FORM ENTRY |
| Title |
Human resource management review (Online) |
| International Standard Serial Number |
1873-7889 |
| Record control number |
(DLC) 2002238965 |
| -- |
(OCoLC)46359150 |
| 906 ## - LOCAL DATA ELEMENT F, LDF (RLIN) |
| a |
7 |
| b |
cbc |
| c |
serials |
| d |
3 |
| e |
ncip |
| f |
19 |
| g |
n-oclcserc |
| 942 ## - ADDED ENTRY ELEMENTS (KOHA) |
| Source of classification or shelving scheme |
|
| Koha item type |
Continuing Resources |
| Serial record |
1 |